| 000 | 00671nam a22001817a 4500 | ||
|---|---|---|---|
| 003 | BD-DhUL | ||
| 005 | 20160907155011.0 | ||
| 008 | 160907s1992 bg ||||| |||| 000 0 ben d | ||
| 040 |
_aBD-DhUL _cBD-DhUL |
||
| 082 |
_a954.92 _bAHJ |
||
| 100 | 1 | _a আহমেদ, তোফায়েল | |
| 245 | 1 | 0 |
_aযুগে যুগে বাংলাদেশ / _cতোফায়েল আহমেদ |
| 260 |
_aঢাকা : _bনওরোজ কিতাবিস্তান, _c১৯৯২. |
||
| 300 |
_a ১৫১ পৃ. ; _c২২ সে. মি. |
||
| 650 | 0 | _aবাংলাদেশ- ইতিহাস | |
| 650 | 0 | _aHistory- Bangladesh | |
| 942 |
_2ddc _cBK |
||
| 999 |
_c104666 _d104666 |
||